[Event "StL-B-West 2002/03"]
[Site "St. Veit"]
[Date "2002.10.11"]
[Round "1"]
[Board "1"]
[White "Novkovic, Milan"]
[Black "Shchekachev, Andrei"]
[Result "0-1"]
[WhiteElo "2375"]
[BlackElo "2546"]
[PlyCount "90"]

1.d4 Nf6 2.Nf3 g6 3.c4 Bg7 4.Nc3 d5 5.Bg5 Ne4 6.cxd5 Nxg5 7.Nxg5 e6 8.Nf3 exd5
9.e3 O-O 10.b4 a6 11.Be2 Be6 12.O-O Nd7 13.a4 c6 14.Qd2 a5 15.Rab1 axb4 16.Rxb4
b6 17.Rc1 Qe7 18.Rb2 Rfd8 19.Na2 Qd6 20.Rbc2 c5 21.Nc3 Nf6 22.Qe1 Bf5 23.Ra2 Ne4
24.Nxe4 Bxe4 25.Qd2 h6 26.Ne1 Ra7 27.Bb5 Kh7 28.Rd1 Bf6 29.Nc2 Qe6 30.Rda1 Rc8
31.Bd3 Rca8 32.Bb5 h5 33.Ne1 h4 34.Rc1 Rc8 35.Raa1 Qe7 36.Ra2 Rac7 37.Ba6 Ra8
38.Bb5 Kg7 39.h3 Raa7 40.Be2 cxd4 41.Rxc7 dxe3 42.fxe3 Qxc7 43.Nf3 Ra5 44.Nd4
Rc5 45.Ra1 Qg3

[Event "StL-B-West 2002/03"]
[Site "St. Veit"]
[Date "2002.10.11"]
[Round "1"]
[Board "2"]
[White "Hertneck, Gerald"]
[Black "Gaertner, Guntram"]
[Result "1-0"]
[WhiteElo "2516"]
[BlackElo "2354"]
[PlyCount "103"]

1.d4 Nf6 2.c4 e6 3.g3 Bb4+ 4.Bd2 Qe7 5.Bg2 Bxd2+ 6.Qxd2 d6 7.Nc3 O-O 8.e4 Nbd7
9.Nge2 e5 10.O-O exd4 11.Nxd4 Ne5 12.b3 Bd7 13.f4 Nc6 14.Rae1 Nxd4 15.Qxd4 Bc6
16.b4 Rfd8 17.b5 Be8 18.Re2 c6 19.Rb1 a6 20.bxc6 bxc6 21.Reb2 c5 22.Nd5 cxd4
23.Nxe7+ Kf8 24.e5 dxe5 25.fxe5 Ng4 26.Bxa8 Kxe7 27.Bd5 Nxe5 28.Rb6 a5 29.Ra6 a4
30.Kf2 Rc8 31.Rb7+ Kf8 32.Raa7 Nxc4 33.Bxc4 Rxc4 34.Rc7 Rxc7 35.Rxc7 f6 36.a3 h5
37.Kf3 d3 38.Ke3 h4 39.gxh4 Kg8 40.Kxd3 Kh7 41.Kc4 Bh5 42.Rd7 Bg6 43.Kc3 Kh6
44.Ra7 Be8 45.Kd4 g5 46.hxg5+ Kxg5 47.Ke3 f5 48.Rg7+ Kf6 49.Rg8 Bf7 50.Ra8 Bb3
51.Kf4 Bc2 52.Ra6+

[Event "StL-B-West 2002/03"]
[Site "St. Veit"]
[Date "2002.10.11"]
[Round "1"]
[Board "4"]
[White "Riedel, Wolfgang"]
[Black "Atlas, Dmitry"]
[Result "1-0"]
[WhiteElo "2348"]
[BlackElo "2258"]
[PlyCount "61"]

1.d4 d5 2.c4 c6 3.Nf3 e6 4.cxd5 cxd5 5.Nc3 Nc6 6.e4 dxe4 7.Nxe4 Bb4+ 8.Bd2 Bxd2+
9.Qxd2 Nf6 10.Nxf6+ Qxf6 11.Bb5 O-O 12.Bxc6 bxc6 13.O-O Bb7 14.Rac1 c5 15.dxc5
Bxf3 16.gxf3 Qxf3 17.Rc3 Qf5 18.Qc2 Qf4 19.c6 Rac8 20.Rd1 Qg4+ 21.Kh1 e5 22.f3
Qe6 23.b4 f5 24.b5 e4 25.Qb3 Qxb3 26.Rxb3 Rfe8 27.fxe4 fxe4 28.a4 e3 29.Re1 e2
30.Rb2 Re4 31.Rbxe2

[Event "StL-B-West 2002/03"]
[Site "St. Veit"]
[Date "2002.10.11"]
[Round "1"]
[Board "5"]
[White "Pierecker, Markus"]
[Black "Ljubic, Juro"]
[Result "0-1"]
[WhiteElo "2276"]
[BlackElo "2291"]
[PlyCount "65"]

1.e4 c5 2.Nf3 d6 3.d4 cxd4 4.Nxd4 Nf6 5.Nc3 g6 6.Be3 Bg7 7.f3 Nc6 8.Bc4 O-O
9.Qd2 Bd7 10.O-O-O Rc8 11.Bb3 Ne5 12.h4 h5 13.Bh6 Nc4 14.Bxc4 Rxc4 15.Bxg7 Kxg7
16.g4 hxg4 17.h5 Rh8 18.Qg5 Rc5 19.Nd5 Nxd5 20.Nb3 Nc3 21.Nxc5 Nxd1 22.h6+ Kh7
23.Nxb7 Qb6 24.Rxd1 f6 25.Qd5 Rf8 26.Nc5 Qxc5 27.Qxc5 dxc5 28.Rxd7 g3 29.f4 g2
30.Rd1 e5 31.Rg1 exf4 32.Kd2 Re8 33.Ke2

[Event "StL-B-West 2002/03"]
[Site "St. Veit"]
[Date "2002.10.11"]
[Round "1"]
[Board "6"]
[White "Schoeppl, Engelbert"]
[Black "Sandholzer, Robert"]
[Result "1-0"]
[WhiteElo "2219"]
[BlackElo "2138"]
[PlyCount "57"]

1.d4 Nf6 2.c4 e6 3.Nc3 Bb4 4.Qc2 c5 5.e3 O-O 6.Nf3 d5 7.a3 Bxc3+ 8.Qxc3 cxd4
9.exd4 dxc4 10.Bxc4 b6 11.O-O Bb7 12.Re1 Nbd7 13.Ne5 Rc8 14.Qd3 Qc7 15.Bb3 Bd5
16.Ba4 Rfd8 17.Bg5 h6 18.Bxd7 hxg5 19.Bxc8 Rxc8 20.Qe3 g4 21.Rac1 Qb7 22.Qg3 Ne4
23.Qxg4 Rc7 24.Qd1 f6 25.Ng6 Rxc1 26.Qxc1 Ng5 27.Qc8+ Kf7 28.Qxb7+ Bxb7 29.Nf4

[Event "StL-B-West 2002/03"]
[Site "St. Veit"]
[Date "2002.10.11"]
[Round "1"]
[Board "1"]
[White "Mathe, Gaspar"]
[Black "Reich, Thomas"]
[Result "1/2-1/2"]
[WhiteElo "2363"]
[BlackElo "2397"]
[PlyCount "57"]

1.e4 d6 2.d4 Nf6 3.Nc3 g6 4.Be2 Bg7 5.Be3 O-O 6.Qd2 e5 7.dxe5 dxe5 8.Rd1 Qxd2+
9.Rxd2 b6 10.f3 Nc6 11.Nb5 Ne8 12.a4 Rb8 13.Bc4 a6 14.Na3 Nd6 15.Bd5 Ne7 16.Bb3
Bd7 17.Ne2 Kh8 18.Nc4 Nec8 19.Nc3 f5 20.exf5 gxf5 21.Nd5 Nxc4 22.Bxc4 b5 23.axb5
Nd6 24.Bb3 Bxb5 25.Ne7 Nc4 26.Bxc4 Bxc4 27.b3 Rfc8 28.Rd7 Rb7 29.bxc4

[Event "StL-B-West 2002/03"]
[Site "St. Veit"]
[Date "2002.10.11"]
[Round "1"]
[Board "2"]
[White "Micheli, Carlo"]
[Black "Bensch, Patrick"]
[Result "0-1"]
[WhiteElo "2350"]
[BlackElo "2298"]
[PlyCount "118"]

1.c4 c5 2.Nc3 Nc6 3.g3 g6 4.Bg2 Bg7 5.d3 e6 6.Bd2 Nge7 7.Qc1 d5 8.b3 Nd4 9.h4 h5
10.Nh3 b6 11.Rb1 Bb7 12.Nf4 Qd7 13.cxd5 exd5 14.O-O O-O 15.e3 Ndf5 16.Nce2 Rac8
17.Qd1 Rfd8 18.b4 c4 19.d4 Qe8 20.b5 Nd6 21.Nc3 Ne4 22.Be1 Rc7 23.Qc2 Nxc3
24.Bxc3 Bc8 25.Rb2 Bf5 26.Qd2 Rcd7 27.a4 Kh7 28.Re1 Ng8 29.f3 Nf6 30.Qf2 Re7
31.Rbe2 Qd7 32.Kh1 Ree8 33.e4 dxe4 34.fxe4 Bg4 35.Re3 Ng8 36.e5 Ne7 37.d5 Nf5
38.Re4 Qc8 39.Kh2 Rd7 40.Qf1 Rc7 41.Nh3 Rc5 42.Bb4 Bxh3 43.Bxh3 Rxd5 44.Rxc4 Qd7
45.Rf4 Rexe5 46.Rxe5 Rxe5 47.Qf3 Kh6 48.g4 hxg4 49.Bxg4 Rd5 50.Bxf5 gxf5 51.Rc4
Be5+ 52.Kg2 f6 53.Kf1 Rd3 54.Qa8 Rd1+ 55.Kg2 Qg7+ 56.Kf3 Qg3+ 57.Ke2 Qd3+ 58.Kf2
Rf1+ 59.Kg2 Qe2+

[Event "StL-B-West 2002/03"]
[Site "St. Veit"]
[Date "2002.10.11"]
[Round "1"]
[Board "3"]
[White "Ager, Josef"]
[Black "Deglmann, Ludwig"]
[Result "1-0"]
[WhiteElo "2223"]
[BlackElo "2269"]
[PlyCount "71"]

1.d4 f5 2.g3 Nf6 3.Bg2 g6 4.c3 Bg7 5.Nh3 Nc6 6.Nd2 d5 7.Nf3 O-O 8.Nf4 Ne4 9.Nd3
e6 10.h4 Qe7 11.Bf4 a5 12.Qc1 Nf6 13.Bh6 b6 14.Bxg7 Kxg7 15.O-O Ba6 16.Nf4 Ne4
17.Qe3 Rfe8 18.Rfe1 Rad8 19.Rad1 a4 20.Ng5 Nxg5 21.hxg5 Bc4 22.Ra1 e5 23.dxe5
Qxe5 24.Qxe5+ Nxe5 25.Reb1 Nf7 26.b3 Bxe2 27.Re1 Bb5 28.Ne6+ Rxe6 29.Rxe6 Nxg5
30.Re7+ Kf6 31.Rxc7 h5 32.Rd1 axb3 33.axb3 f4 34.gxf4 Ne6 35.Rb7 Rd6 36.Rxd5

[Event "StL-B-West 2002/03"]
[Site "St. Veit"]
[Date "2002.10.11"]
[Round "1"]
[Board "1"]
[White "Teske, Henrik"]
[Black "Bertagnolli, Alexander"]
[Result "1-0"]
[WhiteElo "2529"]
[BlackElo "2294"]
[PlyCount "97"]

1.d4 g6 2.c4 Bg7 3.Nc3 d6 4.g3 e5 5.dxe5 dxe5 6.Qxd8+ Kxd8 7.Bg2 c6 8.b3 Kc7
9.Ba3 Nh6 10.O-O-O Bf8 11.Bb2 Ng4 12.Nf3 Bh6+ 13.Kb1 Nxf2 14.Nd5+ cxd5 15.Bxe5+
Kb6 16.Bd4+ Kc7 17.Bxf2 Bf5+ 18.Kb2 Re8 19.Nd4 Bg7 20.Ka3 Bf8+ 21.Kb2 Bg7 22.Rd2
Nc6 23.Bxd5 Nxd4 24.Bxd4 Bxd4+ 25.Rxd4 Rxe2+ 26.Ka3 a5 27.Bxf7 Rf8 28.Bd5 Bc8
29.Re4 Rc2 30.Re7+ Kd6 31.Rxh7 b5 32.Ra7 b4+ 33.Ka4 Rxa2+ 34.Kb5 Bd7+ 35.Kb6 Bg4
36.Re1 a4 37.Rxa4 Rxa4 38.bxa4 Bf5 39.Bb7 b3 40.c5+ Kd7 41.c6+ Kd6 42.a5 b2
43.a6 Bd3 44.a7 Rf1 45.a8=Q b1=R+ 46.Rxb1 Rxb1+ 47.Ka7 Ra1+ 48.Kb8 Rxa8+ 49.Bxa8

[Event "StL-B-West 2002/03"]
[Site "St. Veit"]
[Date "2002.10.11"]
[Round "1"]
[Board "2"]
[White "Astl, Peter"]
[Black "Heinzel, Olaf"]
[Result "0-1"]
[WhiteElo "2280"]
[BlackElo "2371"]
[PlyCount "52"]

1.d4 Nf6 2.c3 e6 3.Bg5 h6 4.Bh4 b6 5.e3 Bb7 6.Nd2 Be7 7.f4 d6 8.Bb5+ Nbd7 9.Ngf3
a6 10.Bd3 Nd5 11.Bf2 g5 12.fxg5 hxg5 13.O-O g4 14.Ne1 g3 15.hxg3 Bg5 16.Qf3 Qe7
17.Ne4 f5 18.Nxg5 Qxg5 19.g4 fxg4 20.Qe4 O-O-O 21.Bg3 Qh6 22.Rf7 Nxe3 23.Qf4
Qh1+ 24.Kf2 Nxg2 25.Be4 Nxf4 26.Bxh1 Nh3+

[Event "StL-B-West 2002/03"]
[Site "St. Veit"]
[Date "2002.10.11"]
[Round "1"]
[Board "3"]
[White "Wegerle, Joerg"]
[Black "Mittelberger, Peter"]
[Result "1-0"]
[WhiteElo "2365"]
[BlackElo "2259"]
[PlyCount "171"]

1.e4 d6 2.d4 Nf6 3.Nc3 g6 4.Be3 c6 5.Qd2 b5 6.f3 Nbd7 7.g4 Nb6 8.g5 Nh5 9.Bd3
Nc4 10.Bxc4 bxc4 11.Nge2 Rb8 12.Nd1 d5 13.c3 Bg7 14.Ng3 Nxg3 15.hxg3 dxe4
16.fxe4 Qa5 17.Bf4 Rb7 18.Ne3 Be6 19.O-O O-O 20.b4 cxb3 21.axb3 Qd8 22.b4 Bh3
23.Rf2 e5 24.dxe5 Rd7 25.Qe2 Be6 26.Rd1 Rxd1+ 27.Qxd1 Qb6 28.Qd4 Rd8 29.Qxb6
axb6 30.Kf1 Rd3 31.Rc2 Bb3 32.Rc1 Rd2 33.Ng4 Rd1+ 34.Rxd1 Bxd1 35.Ne3 Bb3 36.Ke2
Kf8 37.Kd3 b5 38.Kd4 Ke7 39.Nf1 Kd7 40.Nd2 Be6 41.Nf3 Bg4 42.Ne1 Bf8 43.Be3 Be2
44.Bf2 Bg4 45.Ke3 Bd1 46.Kf4 Ke6 47.Bc5 Bxc5 48.bxc5 Bb3 49.Nf3 Kd7 50.e6+ Bxe6
51.Ke5 Ke7 52.Nd4 Bd7 53.Nc2 Bh3 54.Nb4 Bd7 55.Na6 Bc8 56.Nb8 Bb7 57.g4 Ba8
58.Na6 Bb7 59.Nb4 Ba8 60.Nc2 Bb7 61.Nd4 Ba8 62.Kf4 Bb7 63.e5 Ba8 64.e6 fxe6
65.Ke5 Bb7 66.Nf3 Bc8 67.Nd2 Bd7 68.Ne4 Be8 69.Nf6 Bd7 70.Nxh7 Bc8 71.Nf6 Bd7
72.Ne4 Bc8 73.Ng3 Ba6 74.Nh1 b4 75.cxb4 Be2 76.Nf2 Bf3 77.Nd3 Bxg4 78.Nf4 Bf5
79.Ne2 Bh3 80.Nd4 Bg2 81.Nxe6 Bh3 82.Nd4 Bd7 83.b5 cxb5 84.c6 Bh3 85.Nxb5 Bg2
86.Na7

[Event "StL-B-West 2002/03"]
[Site "St. Veit"]
[Date "2002.10.11"]
[Round "1"]
[Board "4"]
[White "Eybl, Alexander"]
[Black "Duer, Werner"]
[Result "1/2-1/2"]
[WhiteElo "2233"]
[BlackElo "2285"]
[PlyCount "44"]

1.c4 c6 2.e4 d5 3.exd5 cxd5 4.cxd5 Nf6 5.Nc3 Nxd5 6.Nf3 Nc6 7.d4 e6 8.Bd3 Be7
9.O-O O-O 10.Re1 Bf6 11.a3 Qb6 12.Na4 Qc7 13.Be3 Rd8 14.Rc1 Bd7 15.Nc5 Nxe3
16.fxe3 Be8 17.Qb3 Rab8 18.Be4 Qe7 19.Qc2 g6 20.b4 Rbc8 21.Qa2 b6 22.Nb3 Qd6

[Event "StL-B-West 2002/03"]
[Site "St. Veit"]
[Date "2002.10.11"]
[Round "1"]
[Board "2"]
[White "Bronznik, Valeri"]
[Black "Schmidt, Georg"]
[Result "0-1"]
[WhiteElo "2399"]
[BlackElo "2246"]
[PlyCount "90"]

1.d4 d5 2.c4 dxc4 3.Nf3 Nf6 4.e3 e6 5.Bxc4 a6 6.Bb3 c5 7.O-O b5 8.a4 b4 9.e4
cxd4 10.e5 Nfd7 11.Qxd4 Nc6 12.Qg4 Qc7 13.Bf4 h5 14.Qg3 Nc5 15.Nbd2 Nxb3 16.Nxb3
Ne7 17.Rac1 Qb8 18.Rfd1 Bb7 19.Nc5 Bd5 20.Ng5 Nf5 21.Qh3 Bxc5 22.Rxc5 Ne7 23.Qd3
Ng6 24.Bg3 h4 25.Rxd5 hxg3 26.Nxe6 gxf2+ 27.Kh1 Nxe5 28.Qg3 fxe6 29.Rxe5 O-O
30.Rf1 Rf6 31.Qe3 Qd6 32.Rg5 Rd8 33.Qa7 Rf7 34.Qe3 Qd3 35.Qxd3 Rxd3 36.g3 Rd2
37.b3 Re2 38.Ra5 e5 39.Rxa6 Re7 40.Kg2 Rf7 41.Ra8+ Kh7 42.a5 e4 43.a6 e3 44.Re8
Re1 45.Re6 Rd7

[Event "StL-B-West 2002/03"]
[Site "St. Veit"]
[Date "2002.10.11"]
[Round "1"]
[Board "3"]
[White "Opl, Klaus"]
[Black "Scheffknecht, Philipp"]
[Result "1/2-1/2"]
[WhiteElo "2279"]
[BlackElo "2183"]
[PlyCount "78"]

1.e4 c5 2.Nf3 e6 3.d4 cxd4 4.Nxd4 a6 5.Bd3 Nf6 6.O-O d6 7.c4 Be7 8.Nc3 O-O 9.Kh1
Nbd7 10.f4 Re8 11.Qe2 Qc7 12.Bd2 Bf8 13.Rae1 e5 14.Nf5 exf4 15.Bxf4 Ne5 16.Bg5
Nfg4 17.Nd5 Qc5 18.b4 Qa7 19.Bb1 Be6 20.h3 Bxd5 21.exd5 Nf6 22.Bxf6 gxf6 23.Qe4
Ng6 24.Qxe8 Rxe8 25.Rxe8 b5 26.Nxd6 bxc4 27.Bxg6 hxg6 28.Rxf6 Qb6 29.Ne4 Qb5
30.Rc8 Kg7 31.d6 Qxb4 32.d7 Be7 33.Rf4 g5 34.Rg4 f5 35.Rxg5+ Bxg5 36.Nxg5 Qe1+
37.Kh2 Qe5+ 38.Kh1 Qe1+ 39.Kh2 Qe5+

[Event "StL-B-West 2002/03"]
[Site "St. Veit"]
[Date "2002.10.11"]
[Round "1"]
[Board "4"]
[White "Rotfuss, Oliver"]
[Black "Hamberger, Hermann"]
[Result "1/2-1/2"]
[WhiteElo "2168"]
[BlackElo "2135"]
[PlyCount "42"]

1.d4 Nf6 2.Bg5 g6 3.Bxf6 exf6 4.g3 Bg7 5.Bg2 O-O 6.e3 d6 7.Ne2 c6 8.c3 Re8 9.Nd2
Nd7 10.O-O Nf8 11.Nf4 Ne6 12.Nd3 Nf8 13.b4 h5 14.Re1 f5 15.a4 Bd7 16.Rb1 Rc8
17.c4 Rc7 18.b5 Nh7 19.b6 axb6 20.Rxb6 Nf6 21.Qb3 Bc8

[Event "StL-B-West 2002/03"]
[Site "St. Veit"]
[Date "2002.10.11"]
[Round "1"]
[Board "5"]
[White "Mroz, Thomas"]
[Black "Kranz, Armin"]
[Result "1/2-1/2"]
[WhiteElo "2066"]
[BlackElo "2153"]
[PlyCount "35"]

1.d4 Nf6 2.c4 e6 3.Nc3 Bb4 4.Qc2 c5 5.dxc5 O-O 6.Nf3 Na6 7.a3 Bxc3+ 8.Qxc3 Nxc5
9.e3 b6 10.Be2 Ba6 11.Nd2 d5 12.b4 Nce4 13.Nxe4 Nxe4 14.Qd4 e5 15.Qxd5 Qxd5
16.cxd5 Bxe2 17.Kxe2 Nc3+ 18.Kd3

[Event "StL-B-West 2002/03"]
[Site "St. Veit"]
[Date "2002.10.11"]
[Round "1"]
[Board "2"]
[White "Kleissl, Helmut"]
[Black "Weindl, Alfred"]
[Result "1-0"]
[WhiteElo "2321"]
[BlackElo "2371"]
[PlyCount "147"]

1.Nf3 Nf6 2.c4 g6 3.Nc3 Bg7 4.e4 d6 5.d4 O-O 6.h3 e5 7.d5 a5 8.Bg5 Qe8 9.g4 Na6
10.Nd2 Kh8 11.Be2 Ng8 12.h4 Bh6 13.Bxh6 Nxh6 14.h5 Kg7 15.Nf1 Qe7 16.Ne3 Qg5
17.Qd2 f6 18.O-O-O Nc5 19.Rh3 Nf7 20.Rdh1 Rh8 21.Bf3 Bd7 22.Rg3 Rab8 23.Be2 Qf4
24.Rf3 Nxe4 25.Qc2 Nxc3 26.Rxf4 Nxe2+ 27.Qxe2 exf4 28.Nf5+ Bxf5 29.gxf5 Rhe8
30.Qd2 g5 31.h6+ Kh8 32.Qxa5 b6 33.Qa7 Rec8 34.Qa4 Ne5 35.Qb3 Re8 36.Kd2 Re7
37.Qc3 Rbe8 38.b3 Nd7 39.Qf3 Ne5 40.Qc3 Nd7 41.Qf3 Re4 42.Rd1 Nc5 43.Kc2 Re2+
44.Rd2 Re1 45.Kb2 R8e4 46.Ka3 Nd7 47.Rd1 R1e2 48.Rd2 Re1 49.Qc3 Ne5 50.c5 bxc5
51.Qa5 Nf7 52.Qxc7 Re8 53.Kb2 g4 54.Qa5 Nxh6 55.Qc3 Kg7 56.a4 Nxf5 57.b4 cxb4
58.Qxb4 R1e4 59.Qb7+ R4e7 60.Qb4 Re4 61.Qb7+ R8e7 62.Qc8 Kg6 63.a5 Rb4+ 64.Ka3
Rbb7 65.Rc2 g3 66.fxg3 fxg3 67.Qg8+ Ng7 68.Rc3 Kg5 69.Rxg3+ Kf4 70.Rh3 Ra7
71.Rh4+ Ke5 72.Qxh7 Rxa5+ 73.Kb4 f5 74.Qh8

[Event "StL-B-West 2002/03"]
[Site "St. Veit"]
[Date "2002.10.11"]
[Round "1"]
[Board "3"]
[White "Poettinger, Harald"]
[Black "Kroell, Johannes"]
[Result "1/2-1/2"]
[WhiteElo "2222"]
[BlackElo "2123"]
[PlyCount "101"]

1.d4 b5 2.e4 e6 3.Nf3 Bb7 4.Bd3 c5 5.c3 Qb6 6.O-O Nf6 7.Qe2 a6 8.Nbd2 c4 9.Bc2
d5 10.e5 Nfd7 11.Ng5 h6 12.Qh5 hxg5 13.Qxh8 Nc6 14.Nf3 f6 15.Bg6+ Kd8 16.Bxg5
fxg5 17.Nxg5 Ne7 18.Bf7 Kc7 19.Nxe6+ Kc6 20.Qh3 b4 21.b3 a5 22.Rfc1 Ba6 23.Qf3
Rc8 24.cxb4 Qxb4 25.bxc4 Bxc4 26.Rab1 Qa4 27.Qb3 Qb4 28.Rxc4+ dxc4 29.Qf3+ Kb6
30.Rxb4+ axb4 31.Qe2 c3 32.Nxf8 c2 33.Nxd7+ Ka7 34.Qxc2 Rxc2 35.g3 Rd2 36.Bb3
Rxd4 37.e6 Kb7 38.Kg2 Kc7 39.Ne5 Nd5 40.Kf3 Kd6 41.Ng6 Rd2 42.h4 Nc3 43.h5 Rxa2
44.Bxa2 Nxa2 45.e7 Kd7 46.Ke3 b3 47.Kd2 b2 48.Kc2 Nc3 49.Kxb2 Nd1+ 50.Kc2 Nxf2
51.Nh4

[Event "StL-B-West 2002/03"]
[Site "St. Veit"]
[Date "2002.10.11"]
[Round "1"]
[Board "5"]
[White "Maier, Peter"]
[Black "Kondrak, Christof"]
[Result "0-1"]
[WhiteElo "2164"]
[BlackElo "2210"]
[PlyCount "42"]

1.d4 d5 2.Nf3 Bf5 3.c4 dxc4 4.Nc3 c6 5.e4 Bg4 6.Bxc4 e6 7.Be3 Nf6 8.O-O Nbd7
9.Be2 Be7 10.Qc2 Rc8 11.h3 Bh5 12.g4 Bg6 13.Ne5 Nxe5 14.dxe5 Nd5 15.Bd2 Nb4
16.Qc1 Nd3 17.Qc2 Nb4 18.Qc1 h5 19.f4 hxg4 20.hxg4 Bc5+ 21.Kg2 Qh4

[Event "StL-B-West 2002/03"]
[Site "St. Veit"]
[Date "2002.10.11"]
[Round "1"]
[Board "6"]
[White "Jenul, Reinhold"]
[Black "Eiler, Gebhard"]
[Result "1/2-1/2"]
[WhiteElo "2172"]
[BlackElo "2079"]
[PlyCount "55"]

1.d4 Nf6 2.Nf3 g6 3.c4 Bg7 4.Nc3 O-O 5.g3 d6 6.Bg2 Nbd7 7.O-O c6 8.e4 e5 9.d5
cxd5 10.cxd5 Nc5 11.Ne1 a5 12.Nd3 b6 13.Nxc5 bxc5 14.b3 Ba6 15.Re1 Nd7 16.Bd2
Qe8 17.Bf1 Bxf1 18.Rxf1 Nb6 19.Qe2 f5 20.f3 Rf7 21.Nb5 Qd7 22.a4 Nc8 23.Rab1 Bf6
24.Bc3 Bd8 25.Kg2 f4 26.Qd2 g5 27.g4 Ne7 28.Na3

[Event "StL-B-West 2002/03"]
[Site "St. Veit"]
[Date "2002.10.11"]
[Round "1"]
[Board "1"]
[White "Umansky, Mikhail"]
[Black "Meissner, Bernd"]
[Result "1-0"]
[WhiteElo "2415"]
[BlackElo "2382"]
[PlyCount "85"]

1.d4 Nf6 2.c4 c5 3.d5 e6 4.Nc3 exd5 5.cxd5 d6 6.g3 g6 7.Bg2 Bg7 8.Nf3 O-O 9.O-O
Na6 10.h3 Nc7 11.e4 Nd7 12.Bf4 Qe7 13.Re1 f6 14.Qc2 b6 15.Nd2 Ba6 16.Bf1 Bxf1
17.Rxf1 b5 18.a4 a6 19.axb5 axb5 20.Qb3 b4 21.Bxd6 Qxd6 22.Nc4 Qe7 23.d6 Qe6
24.dxc7 Rxa1 25.Rxa1 bxc3 26.Qxc3 f5 27.e5 Rc8 28.Ra7 Bxe5 29.Nxe5 Qxe5 30.Qd2
Rxc7 31.f4 Rxa7 32.fxe5 Nxe5 33.Qd5+ Nf7 34.Qxc5 Ra2 35.b4 Kg7 36.Qc3+ Kh6 37.h4
Ra8 38.b5 Rd8 39.b6 Rd1+ 40.Kf2 Nd8 41.Ke2 Rd7 42.Qc1+ Kh5 43.Qg5#

[Event "StL-B-West 2002/03"]
[Site "St. Veit"]
[Date "2002.10.11"]
[Round "1"]
[Board "2"]
[White "Herbrechtsmeier, Christof"]
[Black "Klundt, Klaus"]
[Result "1/2-1/2"]
[WhiteElo "2334"]
[BlackElo "2385"]
[PlyCount "77"]

1.e4 c5 2.Nf3 Nc6 3.d4 cxd4 4.Nxd4 e5 5.Nb5 a6 6.Nd6+ Bxd6 7.Qxd6 Qe7 8.Qd1 Nf6
9.Nc3 h6 10.Nd5 Nxd5 11.exd5 Nd4 12.c3 Nf5 13.Bd3 d6 14.O-O O-O 15.Qe2 Re8
16.Qe4 Qh4 17.f4 Bd7 18.Bd2 exf4 19.Qxf4 Qxf4 20.Rxf4 Ne3 21.Re1 Nxd5 22.Rxe8+
Rxe8 23.Rd4 Bc6 24.c4 Nf6 25.Rxd6 Ne4 26.Bxe4 Rxe4 27.Bc3 Rxc4 28.Rd4 Rc5 29.Rg4
g5 30.Rd4 Bd5 31.a3 Kh7 32.h4 Kg6 33.hxg5 hxg5 34.Kf2 Be6 35.Rb4 Rf5+ 36.Kg3 Bd5
37.Rd4 f6 38.Rd2 Bc6 39.Rf2

[Event "StL-B-West 2002/03"]
[Site "St. Veit"]
[Date "2002.10.11"]
[Round "1"]
[Board "3"]
[White "Hinteregger, Arthur"]
[Black "Kratochwil, Christian"]
[Result "0-1"]
[WhiteElo "2222"]
[BlackElo "2319"]
[PlyCount "104"]

1.e4 c5 2.Nf3 Nc6 3.d3 d5 4.Nbd2 e6 5.g3 Bd6 6.Bg2 Nge7 7.O-O O-O 8.Re1 Bc7 9.c3
a5 10.h4 a4 11.Nf1 dxe4 12.dxe4 Qxd1 13.Rxd1 b6 14.Be3 Na5 15.N1d2 Bb7 16.Ne1
Rfd8 17.Nc2 Rd7 18.Na3 Rad8 19.Bf3 f5 20.Bg5 h6 21.Bxe7 Rxe7 22.Kf1 Red7 23.Ke2
Bc6 24.Rac1 b5 25.Nab1 f4 26.g4 Be5 27.Nf1 Nc4 28.b3 axb3 29.axb3 Nd6 30.Nfd2
Ra8 31.Rc2 Ra1 32.Bg2 Nxe4 33.Bxe4 Bxe4 34.Nxe4 f3+ 35.Ke1 Rxd1+ 36.Kxd1 Rxb1+
37.Rc1 Rxb3 38.Nxc5 Rxc3 39.Rxc3 Bxc3 40.Nxe6 Kf7 41.Nc5 Bd4 42.Nd3 Ke6 43.Ne1
Bxf2 44.Nxf3 Kd5 45.Ke2 Bg3 46.Kd3 b4 47.h5 b3 48.g5 hxg5 49.Nxg5 Be5 50.Nf3 b2
51.Kc2 Bf6 52.Nh2 Ke6

[Event "StL-B-West 2002/03"]
[Site "St. Veit"]
[Date "2002.10.11"]
[Round "1"]
[Board "4"]
[White "Lawitsch, Guenther"]
[Black "Gottsmann, Herbert"]
[Result "1-0"]
[WhiteElo "2257"]
[BlackElo "2193"]
[PlyCount "89"]

1.d4 Nf6 2.Nf3 g6 3.Bg5 Bg7 4.Nbd2 d5 5.e3 Ne4 6.Nxe4 dxe4 7.Nd2 c5 8.c3 cxd4
9.exd4 O-O 10.Nxe4 Qd5 11.Qf3 Re8 12.Be2 Nd7 13.O-O e5 14.c4 Qc6 15.d5 Qc7 16.c5
f5 17.Nd6 Rf8 18.Rac1 e4 19.Qa3 Ne5 20.Nc4 Nxc4 21.Bxc4 Qe5 22.Be7 Re8 23.d6+
Kh8 24.Bb5 Rxe7 25.dxe7 Qxe7 26.c6 Qxa3 27.bxa3 bxc6 28.Bxc6 Rb8 29.Rb1 Rb6
30.Rxb6 axb6 31.Rd1 Bf6 32.Bd7 Ba6 33.Rd6 Kg7 34.Rxb6 Bd3 35.Bb5 Bd4 36.Rd6
Bxf2+ 37.Kxf2 Bxb5 38.Ke3 Kf7 39.Rb6 Ba4 40.Rb7+ Ke6 41.Rxh7 Ke5 42.Re7+ Kd5
43.h4 Kd6 44.Ra7 Bc6 45.g3

[Event "StL-B-West 2002/03"]
[Site "St. Veit"]
[Date "2002.10.12"]
[Round "2"]
[Board "1"]
[White "Shchekachev, Andrei"]
[Black "Meissner, Bernd"]
[Result "1-0"]
[WhiteElo "2546"]
[BlackElo "2382"]
[PlyCount "87"]

1.Nf3 Nf6 2.c4 c5 3.Nc3 g6 4.e4 d6 5.d4 cxd4 6.Nxd4 Bg7 7.Be2 Nc6 8.Be3 O-O
9.O-O Bd7 10.Kh1 a5 11.Ndb5 a4 12.f3 Qa5 13.Qe1 Rfc8 14.Qf2 Ra6 15.Rab1 Ne5
16.c5 dxc5 17.Bxc5 e6 18.Rfd1 Be8 19.a3 Nfd7 20.Bb4 Qb6 21.Qxb6 Nxb6 22.Nd6 Raa8
23.Nxc8 Rxc8 24.Bb5 Nec4 25.Bxe8 Rxe8 26.Bc5 Be5 27.Bd4 g5 28.Bxe5 Nxe5 29.Nb5
Nbc4 30.Rd4 Ra8 31.h4 h6 32.hxg5 hxg5 33.Rc1 Ra5 34.Nd6 Nxd6 35.Rxd6 Rb5 36.Rc2
Rb3 37.Rc5 Ng6 38.Rd2 g4 39.fxg4 Kg7 40.Rc4 b5 41.Rc3 Ne5 42.Rxb3 axb3 43.Rd8
Nc4 44.Rb8

[Event "StL-B-West 2002/03"]
[Site "St. Veit"]
[Date "2002.10.12"]
[Round "2"]
[Board "2"]
[White "Herbrechtsmeier, Christof"]
[Black "Hertneck, Gerald"]
[Result "1/2-1/2"]
[WhiteElo "2334"]
[BlackElo "2516"]
[PlyCount "139"]

1.e4 e6 2.d4 d5 3.Nc3 Bb4 4.Bd3 c5 5.exd5 Qxd5 6.Bd2 Bxc3 7.Bxc3 cxd4 8.Bxd4 e5
9.Bc3 Nc6 10.Nf3 Nf6 11.O-O O-O 12.Re1 Bg4 13.h3 Bxf3 14.Qxf3 Rfe8 15.Be4 Nxe4
16.Qxe4 Qxe4 17.Rxe4 f6 18.Ree1 Rad8 19.Red1 Kf7 20.Kf1 Ke6 21.a4 Rxd1+ 22.Rxd1
Rc8 23.Rc1 h5 24.Ke1 h4 25.Bd2 Nd4 26.Bc3 Rc4 27.Bxd4 Rxd4 28.b3 g5 29.Ke2 e4
30.Rg1 Ke5 31.g3 hxg3 32.Rxg3 Rd7 33.f3 Rc7 34.c4 Rh7 35.fxe4 Kxe4 36.Re3+ Kd4
37.Rd3+ Kc5 38.Kd2 Kb4 39.Kc2 Re7 40.Rf3 Re2+ 41.Kd3 Rb2 42.Rxf6 Rxb3+ 43.Kd4
Kxa4 44.Rg6 Rxh3 45.Rxg5 a5 46.c5 Rh4+ 47.Kc3 Rb4 48.Rh5 Rb5 49.Rd5 Ka3 50.Kc4
Rb4+ 51.Kc3 Rb3+ 52.Kc4 a4 53.Rd2 Rb2 54.Rd7 Ka2 55.Kc3 a3 56.Rd1 Rb3+ 57.Kc4
Rb1 58.Rd7 Rc1+ 59.Kb5 Kb3 60.Rxb7 a2 61.Ra7 a1=Q 62.Rxa1 Rxa1 63.c6 Rc1 64.Kb6
Kc4 65.c7 Kd5 66.Kb7 Rb1+ 67.Ka7 Rc1 68.Kb7 Kd6 69.c8=Q Rxc8 70.Kxc8

[Event "StL-B-West 2002/03"]
[Site "St. Veit"]
[Date "2002.10.12"]
[Round "2"]
[Board "3"]
[White "Klinger, Josef"]
[Black "Kratochwil, Christian"]
[Result "1-0"]
[WhiteElo "2440"]
[BlackElo "2319"]
[PlyCount "83"]

1.e4 c5 2.Nc3 Nc6 3.g3 g6 4.d3 Bg7 5.Be3 Nd4 6.Qd2 Qa5 7.Bg2 d6 8.f4 e6 9.Nf3
Ne7 10.O-O Bd7 11.Ne1 Rc8 12.e5 Nef5 13.Ne4 Qxd2 14.Bxd2 d5 15.Nf6+ Bxf6 16.exf6
h5 17.c3 Nc6 18.Nf3 Nh6 19.c4 d4 20.Ng5 b6 21.h3 Nf5 22.Ne4 Kf8 23.Rae1 Nb4
24.g4 hxg4 25.hxg4 Nxd3 26.gxf5 gxf5 27.Ng5 Nxb2 28.Rc1 Rh6 29.Rf3 Ke8 30.Ra3
Na4 31.Nf3 a6 32.Ne5 b5 33.Bb7 Rc7 34.Bxa6 b4 35.Rg3 Kf8 36.Bb5 Bxb5 37.cxb5 Nc3
38.Bxc3 dxc3 39.b6 Rb7 40.a4 bxa3 41.Rcxc3 Rxf6 42.Rxa3

[Event "StL-B-West 2002/03"]
[Site "St. Veit"]
[Date "2002.10.12"]
[Round "2"]
[Board "4"]
[White "Lawitsch, Guenther"]
[Black "Riedel, Wolfgang"]
[Result "1/2-1/2"]
[WhiteElo "2257"]
[BlackElo "2348"]
[PlyCount "27"]

1.c4 g6 2.Nc3 Bg7 3.g3 e5 4.Bg2 Ne7 5.d3 Nbc6 6.a3 d6 7.Rb1 Nd4 8.e3 Ne6 9.h4 h5
10.b4 c6 11.Qb3 O-O 12.Nh3 Nc7 13.e4 Ne6 14.Be3

[Event "StL-B-West 2002/03"]
[Site "St. Veit"]
[Date "2002.10.12"]
[Round "2"]
[Board "5"]
[White "Ljubic, Juro"]
[Black "Kapferer, Romed"]
[Result "1-0"]
[WhiteElo "2291"]
[BlackElo "2061"]
[PlyCount "103"]

1.e4 c6 2.c4 d5 3.exd5 cxd5 4.d4 Nf6 5.Nc3 e6 6.a3 Be7 7.Nf3 O-O 8.c5 b6 9.b4 a5
10.Be3 Ne4 11.Nxe4 dxe4 12.Ne5 f5 13.f4 exf3 14.Qxf3 Ra7 15.Rd1 axb4 16.axb4 Ra3
17.Bd3 Ba6 18.b5 Bxb5 19.Bxb5 f4 20.Bd3 fxe3 21.Qxe3 Rxd3 22.Qxd3 bxc5 23.Qb3
Bh4+ 24.g3 Qf6 25.Qe3 cxd4 26.Qe2 Bg5 27.Rf1 Qxf1+ 28.Qxf1 Rxf1+ 29.Kxf1 Bf6
30.Ng4 e5 31.Rc1 Kf7 32.Rc7+ Kg6 33.Rb7 Nc6 34.Rb6 Ne7 35.Nxe5+ Kf5 36.Nd7 Nd5
37.Rb5 Ke4 38.Nxf6+ Nxf6 39.Rb7 g6 40.Ke2 h5 41.h3 g5 42.Re7+ Kf5 43.Kd3 h4
44.gxh4 gxh4 45.Kxd4 Ng8 46.Rh7 Nf6 47.Rxh4 Kg5 48.Rh8 Kf4 49.Rf8 Kg5 50.Ke3
Nd5+ 51.Kf3 Ne7 52.Ra8

[Event "StL-B-West 2002/03"]
[Site "St. Veit"]
[Date "2002.10.12"]
[Round "2"]
[Board "1"]
[White "Reich, Thomas"]
[Black "Teske, Henrik"]
[Result "1/2-1/2"]
[WhiteElo "2397"]
[BlackElo "2529"]
[PlyCount "24"]

1.d4 Nf6 2.c4 e6 3.Nf3 d5 4.cxd5 exd5 5.Nc3 Nbd7 6.Bg5 Bb4 7.e3 O-O 8.Bd3 c6
9.Qc2 Qe8 10.h3 Ne4 11.Bf4 Ndf6 12.O-O Bf5